| 000 | nam a22 a 4500 | ||
|---|---|---|---|
| 999 |
_c4688 _d4688 |
||
| 003 | AKMAL | ||
| 005 | 20170728105456.0 | ||
| 008 | 170728s2017 my l 00 eng d | ||
| 020 | _cRM42.00 | ||
| 082 | 0 | 4 |
_a344.59504233 MAL _221 |
| 090 | 0 | 0 |
_a344.59504233 _bMAL |
| 110 | 1 |
_aMalaysia _9400 |
|
| 240 | 1 | 0 |
_aAkta Racun, 1952. _lEnglish |
| 245 | 1 | 0 |
_aPoisons Act 1952 and Regulations (Act 366) _ball amendments up to May, 2017 / _ccompiled by MDC Legal Advicers |
| 260 |
_aKuala Lumpur : _bMDC Publishers Printers, _c2017 |
||
| 300 | 0 | 0 |
_avii, 179p. ; _c27cm |
| 500 | _aIncludes index | ||
| 650 | 0 |
_aPoisons _xLaw and legislation _zMalaysia _98660 |
|
| 650 | 0 |
_aDrugs _xLaw and legislation _zMalaysia _92109 |
|
| 710 | 2 |
_aPenasihat Undang-Undang MDC _9405 |
|
| 740 | 0 | 2 | _aPoisons (Psychotropic Substances) Regulations 1989 |
| 740 | 0 | 2 | _aPoisons (Sodium Hydroxide) Regulations 1962 |
| 740 | 0 | 2 | _aPoisons (Sodium Arsenite) Ordinance and Regulations 1949 |
| 740 | 0 | 2 | _aPoisons Regulations 1952 |
| 942 |
_2ddc _cBOOK |
||
| 950 | _lAKMAL | ||